|
|
|
|
| LEADER |
00687nab a2200205 i 4500 |
| 001 |
misc67409 |
| 005 |
20221018142750.0 |
| 008 |
220321s1940 hu o 0|| fre d |
| 040 |
|
|
|a SZTE Miscellanea Repozitórium
|b hun
|
| 041 |
|
|
|a fre
|
| 100 |
1 |
|
|a Fekete Lajos
|
| 245 |
1 |
0 |
|a Où sonts les frontières de l'Europe sud-orientale?
|h [elektronikus dokumentum] /
|c Fekete Lajos
|
| 260 |
|
|
|c 1940
|
| 300 |
|
|
|a 10 p.
|c 26 cm
|
| 490 |
0 |
|
|a Nouvelle Revue de Hongrie
|
| 561 |
|
|
|a Németh Gyula hagyaték
|
| 591 |
|
|
|a XKEK 2949
|
| 650 |
|
4 |
|a Bölcsészettudományok
|
| 650 |
|
4 |
|a Történettudomány és régészet
|
| 856 |
4 |
0 |
|u http://misc.bibl.u-szeged.hu/67409/1/1610_noa_f38.pdf
|z Dokumentum-elérés
|